Normal view
MARC view
- Hewes, Laurence J
Entry Personal Name
001 - CONTROL NUMBER
- control field: 7707
003 - CONTROL NUMBER IDENTIFIER
- control field: OSt
005 - DATE AND TIME OF LATEST TRANSACTION
- control field: 20250812151106.0
008 - FIXED-LENGTH DATA ELEMENTS
- fixed length control field: 250812|| aca||aabn | a|a d
040 ## - CATALOGING SOURCE
- Original cataloging agency: OSt
- Transcribing agency: OSt
100 ## - HEADING--PERSONAL NAME
- Personal name: Hewes, Laurence J
670 ## - SOURCE DATA FOUND
- Source citation: Work cat.: (OSt)2718: Hewes, Laurence J ., Highway engineering / , 1963.
